000 00384nam a22001577a 4500
003 OSt
008 250403b |||||||| |||| 00| 0 eng d
020 _a9789360539641
082 _a005.133 DRD
100 _aDROZDEK,Adam
245 _aData Structures and Algorithms in Python
260 _aN. delhi
_bCengage Learning
_c2024
300 _a729
650 _aPython
942 _2ddc
_cBK
999 _c13234
_d13234